| 000 | 01506nam a22004337a 4500 | ||
|---|---|---|---|
| 001 | 000106456 | ||
| 003 | CHAP | ||
| 005 | 20220329143848.0 | ||
| 008 | 120307s1987 mx a r 00010 spa d | ||
| 010 | _a102918 | ||
| 011 | _a103890 | ||
| 035 | _a114579 | ||
| 040 | _cCHAP | ||
| 090 | _aFolleto 18138 | ||
| 100 | 1 |
_aGarcía Naranjo, José Luis. _946363 |
|
| 245 | 1 | 0 |
_aAsesoria a la unión de ejidos General Francisco Villa Chihuahua : _bexperiencias y resultados / _c/por José Luis García Naranjo, María Eugenia Falomir y Alma Montemayor Jáuregui. |
| 260 |
_aMéxico : _bProder, _c1987. |
||
| 300 |
_a22 h. : _bilus., anexos. |
||
| 490 | 0 |
_aDocumento _v; 4 |
|
| 590 |
_aBATCH-UPD _b10 _c20130110 _lUCH01 _h1518 |
||
| 590 |
_aBATCH-UPD _b10 _c20130410 _lUCH01 _h0932 |
||
| 590 |
_aBATCH-UPD _b10 _c20130914 _lUCH01 _h0419 |
||
| 590 |
_aCONVERSION _b10 _c20130109 _lUCH01 _h1357 |
||
| 590 |
_aE11695DGD _b10 _c20130813 _lUCH01 _h1249 |
||
| 590 |
_aE11695DGD _b10 _c20130813 _lUCH01 _h1250 |
||
| 590 |
_aE11695DGD _b10 _c20130813 _lUCH01 _h1251 |
||
| 590 |
_aE11695DGD _b10 _c20130813 _lUCH01 _h1252 |
||
| 590 |
_aE11695DGD _b10 _c20130813 _lUCH01 _h1252 |
||
| 650 | 1 | 4 |
_aAsesoría. _97894 |
| 650 | 1 | 4 |
_aCampesinado. _917993 |
| 650 | 1 | 4 |
_aEjidos. _936002 |
| 700 | 1 |
_aFalomir, María Eugenia. _939403 |
|
| 700 | 1 |
_aMontemayor Jáuregui, Alma. _977787 |
|
| 830 | 0 |
_aDocumento _v; 4 _933191 |
|
| 901 | _aBK | ||
| 942 | _cFOLL | ||
| 942 | _n0 | ||
| 949 |
_aFolleto 18138 _bBC _cFOLL _d33724002100454 _eTS1 _i114579 _sb |
||
| 999 |
_c102918 _d102918 |
||